Juice Diet for Perfect Health (Record no. 224282)
[ view plain ]
| 000 -LEADER | |
|---|---|
| fixed length control field | 00639nam a22002297a 4500 |
| 005 - DATE AND TIME OF LATEST TRANSACTION | |
| control field | 20220729100504.0 |
| 008 - FIXED-LENGTH DATA ELEMENTS--GENERAL INFORMATION | |
| fixed length control field | 220729b ||||| |||| 00| 0 eng d |
| 040 ## - CATALOGING SOURCE | |
| Transcribing agency | AL |
| 041 ## - LANGUAGE CODE | |
| Language code of text/sound track or separate title | English |
| 082 ## - DEWEY DECIMAL CLASSIFICATION NUMBER | |
| Edition number | 23 |
| Classification number | 613.25 |
| Item number | GALJ |
| 100 ## - MAIN ENTRY--PERSONAL NAME | |
| Personal name | D R Gala and others |
| 100 ## - MAIN ENTRY--PERSONAL NAME | |
| 9 (RLIN) | 53919 |
| 245 ## - TITLE STATEMENT | |
| Title | Juice Diet for Perfect Health |
| 260 ## - PUBLICATION, DISTRIBUTION, ETC. | |
| Place of publication, distribution, etc. | Ahmadabad |
| Name of publisher, distributor, etc. | Gala Publishers |
| 300 ## - PHYSICAL DESCRIPTION | |
| Extent | 152 p. |
| Other physical details | PB |
| Dimensions | 22x14 cm. |
| 365 ## - TRADE PRICE | |
| Price type code | ₹18.00 |
| Price amount | ₹ |
| Currency code | ₹18.00 |
| 600 ## - SUBJECT ADDED ENTRY--PERSONAL NAME | |
| Personal name | Fruits and Vegetables |
| 9 (RLIN) | 53920 |
| 700 ## - ADDED ENTRY--PERSONAL NAME | |
| Personal name | GALA (D R) |
| 9 (RLIN) | 53921 |
| 700 ## - ADDED ENTRY--PERSONAL NAME | |
| Personal name | GALA (Dhiren) |
| 9 (RLIN) | 53922 |
| 700 ## - ADDED ENTRY--PERSONAL NAME | |
| Personal name | GALA (Sanjay) |
| 9 (RLIN) | 53923 |
| 700 ## - ADDED ENTRY--PERSONAL NAME | |
| Personal name | SHAH (R M) Tr |
| 9 (RLIN) | 53924 |
| 942 ## - ADDED ENTRY ELEMENTS (KOHA) | |
| Source of classification or shelving scheme | Dewey Decimal Classification |
| Koha item type | George Fernandes Collections |
| Withdrawn status | Lost status | Source of classification or shelving scheme | Damaged status | Not for loan | Collection code | Home library | Current library | Date acquired | Total Checkouts | Full call number | Barcode | Date last seen | Date last checked out | Price effective from | Koha item type |
|---|---|---|---|---|---|---|---|---|---|---|---|---|---|---|---|
| Dewey Decimal Classification | Others | St Aloysius Library | St Aloysius Library | 03/23/2013 | 1 | 613.25 GALJ | GF03612 | 10/07/2022 | 09/22/2022 | 07/29/2022 | George Fernandes Collections |